[Event "Cairo Al Ain op"]
[Site "Cairo"]
[Date "2023.11.29"]
[Round "4"]
[White "Elhalwagy, Islam"]
[Black "Abdin, Mahmoud1"]
[Result "1-0"]
[WhiteElo "2044"]
[BlackElo "1798"]
[PlyCount "91"]
[EventDate "2023.11.27"]
[EventType "swiss"]
[EventRounds "10"]
[EventCountry "EGY"]
[SourceTitle "CB49_2023"]
[SourceDate "2023.12.06"]
[SourceVersion "1"]
[SourceVersionDate "2023.12.06"]
[SourceQuality "1"]

1. d4 Nf6 2. Nc3 d5 3. Bg5 Nbd7 4. Nf3 h6 5. Bxf6 Nxf6 6. e3 e6 7. Bd3 Be7 8. 0-0 0-0 9. e4 c5 10. e5 Nd7 11. dxc5 Nxc5 12. Ne2 b6 13. c3 Nxd3 14. Qxd3 f5 15. exf6 Bxf6 16. Rad1 Qc7 17. Rfe1 Bb7 18. Ned4 Bxd4 19. Nxd4 Qf7 20. Qg3 Rae8 21. Re5 Qd7 22. Rde1 Rf6 23. Qg4 Qf7 24. Qe2 Qg6 25. f3 Bc8 26. Rxd5 Ba6 27. Qe3 Bc4 28. Re5 Rd8 29. Nc6 Rd7 30. Re4 Bd5 31. Ne5 Qe8 32. Nxd7 Qxd7 33. Rd4 Qc7 34. c4 Bc6 35. Qe5 Qe7 36. Rd6 Bd7 37. b4 Rf5 38. Qd4 Rf7 39. c5 bxc5 40. bxc5 Kh7 41. c6 Bc8 42. Rd8 Qc7 43. Qd3+ g6 44. Qd4 e5 45. Rxe5 Qxc6 46. Rh8+ 1-0